<?xml version="1.0" encoding="UTF-8"?>
<record
    xmlns:xsi="http://www.w3.org/2001/XMLSchema-instance"
    xsi:schemaLocation="http://www.loc.gov/MARC21/slim http://www.loc.gov/standards/marcxml/schema/MARC21slim.xsd"
    xmlns="http://www.loc.gov/MARC21/slim">

  <leader>01997nam0a2200421   4500</leader>
  <controlfield tag="001">RU\NLR\bibl\1868955</controlfield>
  <controlfield tag="005">20260408061530.0</controlfield>
  <datafield tag="010" ind1=" " ind2=" ">
    <subfield code="a">978-5-91076-055-8</subfield>
    <subfield code="9">1000</subfield>
  </datafield>
  <datafield tag="021" ind1=" " ind2=" ">
    <subfield code="a">RU</subfield>
    <subfield code="b">2012-2977</subfield>
    <subfield code="9">217</subfield>
  </datafield>
  <datafield tag="035" ind1=" " ind2=" ">
    <subfield code="a">(nilc)LIBNET\0000146041</subfield>
  </datafield>
  <datafield tag="035" ind1=" " ind2=" ">
    <subfield code="a">(NLR Aleph) 001858810</subfield>
  </datafield>
  <datafield tag="090" ind1=" " ind2=" ">
    <subfield code="a">2502864</subfield>
    <subfield code="c">2502864</subfield>
  </datafield>
  <datafield tag="100" ind1=" " ind2=" ">
    <subfield code="a">20110708d2011    |||y0rusy50      ca</subfield>
  </datafield>
  <datafield tag="101" ind1="0" ind2=" ">
    <subfield code="a">rus</subfield>
  </datafield>
  <datafield tag="102" ind1=" " ind2=" ">
    <subfield code="a">RU</subfield>
  </datafield>
  <datafield tag="105" ind1=" " ind2=" ">
    <subfield code="a">a   |||||||||</subfield>
  </datafield>
  <datafield tag="200" ind1="1" ind2=" ">
    <subfield code="a">"&#x41F;&#x43E;&#x435;&#x442; &#x43D;&#x430;&#x434; &#x41A;&#x430;&#x43C;&#x43E;&#x44E; &#x433;&#x430;&#x440;&#x43C;&#x43E;&#x43D;&#x44C; &#x440;&#x435;&#x447;&#x438;&#x441;&#x442;&#x430;&#x44F;..."</subfield>
    <subfield code="e">&#x43F;&#x435;&#x441;&#x43D;&#x438; &#x438;&#x437; &#x440;&#x435;&#x43F;&#x435;&#x440;&#x442;&#x443;&#x430;&#x440;&#x430; &#x41E;&#x441;&#x438;&#x43D;&#x441;&#x43A;&#x43E;&#x433;&#x43E; &#x43D;&#x430;&#x440;&#x43E;&#x434;&#x43D;&#x43E;&#x433;&#x43E; &#x445;&#x43E;&#x440;&#x430;</subfield>
    <subfield code="f">[&#x441;&#x43E;&#x441;&#x442;. &#x418;.&#x41C;. &#x41F;&#x438;&#x440;&#x43E;&#x433;&#x43E;&#x432;&#x430;]</subfield>
  </datafield>
  <datafield tag="210" ind1=" " ind2=" ">
    <subfield code="a">&#x421;&#x430;&#x43D;&#x43A;&#x442;-&#x41F;&#x435;&#x442;&#x435;&#x440;&#x431;&#x443;&#x440;&#x433;</subfield>
    <subfield code="c">&#x41C;&#x430;&#x43C;&#x430;&#x442;&#x43E;&#x432;</subfield>
    <subfield code="d">2011</subfield>
  </datafield>
  <datafield tag="215" ind1=" " ind2=" ">
    <subfield code="a">382, [1] &#x441;.</subfield>
    <subfield code="c">&#x438;&#x43B;., &#x43F;&#x43E;&#x440;&#x442;&#x440;., &#x444;&#x430;&#x43A;&#x441;.</subfield>
    <subfield code="d">23</subfield>
  </datafield>
  <datafield tag="300" ind1=" " ind2=" ">
    <subfield code="a">&#x41D;&#x430; &#x442;&#x438;&#x442;.&#x43B;.: &#x41F;&#x430;&#x43C;&#x44F;&#x442;&#x438; &#x411;&#x43E;&#x440;&#x438;&#x441;&#x430; &#x41A;&#x430;&#x43F;&#x438;&#x442;&#x43E;&#x43D;&#x43E;&#x432;&#x438;&#x447;&#x430; &#x411;&#x440;&#x44E;&#x445;&#x43E;&#x432;&#x430;</subfield>
  </datafield>
  <datafield tag="300" ind1=" " ind2=" ">
    <subfield code="a">&#x41F;&#x43E;&#x441;&#x432;&#x44F;&#x449;. 65-&#x43B;&#x435;&#x442;&#x438;&#x44E; &#x41E;&#x441;&#x438;&#x43D;&#x441;&#x43A;&#x43E;&#x433;&#x43E; &#x43D;&#x430;&#x440;&#x43E;&#x434;&#x43D;&#x43E;&#x433;&#x43E; &#x430;&#x43D;&#x441;&#x430;&#x43C;&#x431;&#x43B;&#x44F; &#x43F;&#x435;&#x441;&#x43D;&#x438; &#x438; &#x442;&#x430;&#x43D;&#x446;&#x430; "&#x423;&#x440;&#x430;&#x43B;&#x44C;&#x441;&#x43A;&#x430;&#x44F; &#x440;&#x44F;&#x431;&#x438;&#x43D;&#x443;&#x448;&#x43A;&#x430;" &#x438;&#x43C;. &#x411;.&#x41A;. &#x411;&#x440;&#x44E;&#x445;&#x43E;&#x432;&#x430;</subfield>
  </datafield>
  <datafield tag="327" ind1="1" ind2=" ">
    <subfield code="a">&#x421;&#x43E;&#x434;&#x435;&#x440;&#x436;.: &#x440;&#x430;&#x437;&#x434;&#x435;&#x43B;&#x44B;: &#x420;&#x443;&#x441;&#x441;&#x43A;&#x438;&#x435; &#x43D;&#x430;&#x440;&#x43E;&#x434;&#x43D;&#x44B;&#x435; &#x43F;&#x435;&#x441;&#x43D;&#x438;; &#x41F;&#x435;&#x441;&#x43D;&#x438; &#x441;&#x43E;&#x432;&#x435;&#x442;&#x441;&#x43A;&#x438;&#x445; &#x438; &#x443;&#x440;&#x430;&#x43B;&#x44C;&#x441;&#x43A;&#x438;&#x445; &#x43A;&#x43E;&#x43C;&#x43F;&#x43E;&#x437;&#x438;&#x442;&#x43E;&#x440;&#x43E;&#x432;; &#x427;&#x430;&#x441;&#x442;&#x443;&#x448;&#x43A;&#x438;, &#x43F;&#x440;&#x438;&#x43F;&#x435;&#x432;&#x43A;&#x438;, &#x441;&#x442;&#x440;&#x430;&#x434;&#x430;&#x43D;&#x438;&#x44F;</subfield>
  </datafield>
  <datafield tag="601" ind1="0" ind2="2">
    <subfield code="a">&#x41E;&#x441;&#x438;&#x43D;&#x441;&#x43A;&#x438;&#x439; &#x43D;&#x430;&#x440;&#x43E;&#x434;&#x43D;&#x44B;&#x439; &#x445;&#x43E;&#x440;</subfield>
    <subfield code="9">2093192</subfield>
    <subfield code="3">RU\NLR\auth\661570275</subfield>
  </datafield>
  <datafield tag="686" ind1=" " ind2=" ">
    <subfield code="a">84(2&#x420;&#x43E;&#x441;=&#x420;&#x443;&#x441;)-53&#x44F;43</subfield>
    <subfield code="2">rubbk</subfield>
  </datafield>
  <datafield tag="686" ind1=" " ind2=" ">
    <subfield code="a">82.3(2&#x420;&#x43E;&#x441;=&#x420;&#x443;&#x441;)-43&#x44F;43</subfield>
    <subfield code="2">rubbk</subfield>
  </datafield>
  <datafield tag="686" ind1=" " ind2=" ">
    <subfield code="a">85.731-6</subfield>
    <subfield code="2">rubbk</subfield>
  </datafield>
  <datafield tag="686" ind1=" " ind2=" ">
    <subfield code="a">&#x429;313(2&#x420;=&#x420;&#x443;&#x441;)7-68&#x41E;&#x441;&#x438;&#x43D;&#x441;&#x43A;&#x438;&#x439; &#x445;&#x43E;&#x440;</subfield>
  </datafield>
  <datafield tag="686" ind1=" " ind2=" ">
    <subfield code="a">&#x429;319.41(2)&#x43D;&#x430;&#x440;.</subfield>
  </datafield>
  <datafield tag="702" ind1=" " ind2="1">
    <subfield code="a">&#x41F;&#x438;&#x440;&#x43E;&#x433;&#x43E;&#x432;&#x430;</subfield>
    <subfield code="b">&#x418;. &#x41C;.</subfield>
    <subfield code="g">&#x418;&#x44F; &#x41C;&#x438;&#x445;&#x430;&#x439;&#x43B;&#x43E;&#x432;&#x43D;&#x430;</subfield>
    <subfield code="4">220</subfield>
  </datafield>
  <datafield tag="712" ind1="0" ind2="2">
    <subfield code="4">570</subfield>
    <subfield code="a">&#x41E;&#x441;&#x438;&#x43D;&#x441;&#x43A;&#x438;&#x439; &#x43D;&#x430;&#x440;&#x43E;&#x434;&#x43D;&#x44B;&#x439; &#x445;&#x43E;&#x440;</subfield>
    <subfield code="3">RU\NLR\AUTH\8810205961</subfield>
    <subfield code="9">299472</subfield>
  </datafield>
  <datafield tag="801" ind1=" " ind2="0">
    <subfield code="a">RU</subfield>
    <subfield code="b">&#x41F;&#x435;&#x440;&#x43C;&#x441;&#x43A;&#x430;&#x44F; &#x413;&#x41E;&#x423;&#x411;</subfield>
    <subfield code="c">20110708</subfield>
    <subfield code="g">rcr</subfield>
  </datafield>
  <datafield tag="801" ind1=" " ind2="1">
    <subfield code="a">RU</subfield>
    <subfield code="b">&#x41F;&#x435;&#x440;&#x43C;&#x441;&#x43A;&#x430;&#x44F; &#x413;&#x41E;&#x423;&#x411;</subfield>
    <subfield code="c">20110708</subfield>
  </datafield>
  <datafield tag="801" ind1=" " ind2="2">
    <subfield code="a">RU</subfield>
    <subfield code="b">NLR</subfield>
    <subfield code="c">20120213</subfield>
    <subfield code="g">rcr</subfield>
  </datafield>
  <datafield tag="942" ind1=" " ind2=" ">
    <subfield code="c">BOOK</subfield>
  </datafield>
  <datafield tag="980" ind1=" " ind2=" ">
    <subfield code="a">NB</subfield>
  </datafield>
  <datafield tag="980" ind1=" " ind2=" ">
    <subfield code="a">NBR</subfield>
  </datafield>
  <datafield tag="995" ind1=" " ind2=" ">
    <subfield code="5">2012-02-13</subfield>
    <subfield code="a">ad</subfield>
    <subfield code="b">NLR01</subfield>
    <subfield code="c">NLR01</subfield>
    <subfield code="e">RF8</subfield>
    <subfield code="f">3594478</subfield>
    <subfield code="k">2012-5/805</subfield>
    <subfield code="o">0</subfield>
    <subfield code="r">BOOK</subfield>
    <subfield code="s">20125805_</subfield>
  </datafield>
  <datafield tag="995" ind1=" " ind2=" ">
    <subfield code="5">2012-02-13</subfield>
    <subfield code="a">ad</subfield>
    <subfield code="b">NLR01</subfield>
    <subfield code="c">NLR01</subfield>
    <subfield code="e">RF8</subfield>
    <subfield code="f">3594480</subfield>
    <subfield code="k">2012-5/805</subfield>
    <subfield code="o">0</subfield>
    <subfield code="r">BOOK</subfield>
    <subfield code="s">20125805_</subfield>
  </datafield>
</record>
